00462nam a2200121Ia 45000010005000000080041000050820022000461000087000682450120001552600024002759010026002999990015003252869241024s9999 xx 000 0 und d aRD/420/R426a/2013 aRepública Dominicana. Ministerio de Educacón. Dirección General de Curriculo 0aAcciones para el reforzamiento de la enseñanza-aprendizaje del idioma ingles en los centros educativos públicos bSanto Domingoc2013 a9/4/2013 3:01:16 p.m. c8241d8241